ბათუმის შოთა რუსთაველის სახელმწიფო უნივერსიტეტის ბიბლიოთეკა

Ведение в теорию полуупорядоченных пространств (ბიბ.ჩანაწერი № 48163)

000 -LEADER
fixed length control field 00576nam a2200205Ia 4500
001 - CONTROL NUMBER
control field 15045
003 - CONTROL NUMBER IDENTIFIER
control field GE_BSU
008 - FIXED-LENGTH DATA ELEMENTS--GENERAL INFORMATION
fixed length control field 181216s||||||||xx |||||||||||||| ||und||
040 ## - CATALOGING SOURCE
Transcribing agency GE_BSU
080 ## - UNIVERSAL DECIMAL CLASSIFICATION NUMBER
Universal Decimal Classification number 517.98
100 ## - MAIN ENTRY--PERSONAL NAME
Personal name Вулих, Б.З;
245 ## - TITLE STATEMENT
Title Ведение в теорию полуупорядоченных пространств
245 ## - TITLE STATEMENT
Statement of responsibility, etc. Ред.Д.А.Владимиров
260 ## - PUBLICATION, DISTRIBUTION, ETC.
Place of publication, distribution, etc. Москва
260 ## - PUBLICATION, DISTRIBUTION, ETC.
Name of publisher, distributor, etc. Госиздат
260 ## - PUBLICATION, DISTRIBUTION, ETC.
Date of publication, distribution, etc. 1961
300 ## - PHYSICAL DESCRIPTION
Extent 407стр.21см.
653 ## - INDEX TERM--UNCONTROLLED
Uncontrolled term Математический анализ.
942 ## - ADDED ENTRY ELEMENTS (KOHA)
Koha item type წიგნი
ეგზემპლარები
Withdrawn status Lost status Damaged status Not for loan Date acquired Barcode Date last seen Price effective from Koha item type
        2018-12-17 15180 2018-12-17 2018-12-17 წიგნი